书目信息 |
| 题名: |
科学健身运动指南
|
|
| 作者: | 陆阿明 , 朱小龙 主编 | |
| 分册: | ||
| 出版信息: | 苏州 苏州大学出版社 2008 |
|
| 页数: | 261页 | |
| 开本: | 21cm | |
| 丛书名: | ||
| 单 册: | ||
| 中图分类: | G831.3 | |
| 科图分类: | ||
| 主题词: | 健身运动--基本知识 , 健身运动 | |
| 电子资源: | ||
| ISBN: | 978-7-81137-177-2 | |
| 000 | 01032nam0 2200265 45 | |
| 001 | 1132066468 | |
| 005 | 20110314090444.60 | |
| 010 | @a978-7-81137-177-2@dCNY16.00 | |
| 100 | @a20110121d2008 em y0chiy50 ea | |
| 101 | 0 | @achi |
| 102 | @aCN@b320000 | |
| 105 | @aa z 000yy | |
| 106 | @ar | |
| 200 | 1 | @a科学健身运动指南@AKe Xue Jian Shen Yun Dong Zhi Nan@f陆阿明,朱小龙主编@FLu A Ming, Zhu Xiao Long Zhu Bian |
| 210 | @a苏州@c苏州大学出版社@d2008 | |
| 215 | @a261页@c图@d21cm | |
| 300 | @a本书由苏州市体育科学学会、苏州大学体育学院、苏州市体育科学研究所联合组织专家、学者编写 本书编写得到了苏州市体育局领导的关心和支持,苏州市体育局对本书出版进行了资助 | |
| 330 | @a本书共分为健身运动的科学基础、健身运动的类型与方法、常见慢性疾病患者的健身运动方法等三部分内容。 | |
| 606 | 0 | @a健身运动@x基本知识 |
| 606 | 0 | @a健身运动 |
| 690 | @aG831.3@v4 | |
| 701 | 0 | @a陆阿明@ALu A Ming@f(1965~)@4主编 |
| 701 | 0 | @a朱小龙@AZhu Xiao Long@f(1976~)@4主编 |
| 801 | 0 | @aCN@bTANGWEI@c20110314 |
| 905 | @b0532226-30@dG831.3@e110@f5 | |
| 科学健身运动指南/陆阿明,朱小龙主编.-苏州:苏州大学出版社,2008 |
| 261页:图;21cm |
| 本书由苏州市体育科学学会、苏州大学体育学院、苏州市体育科学研究所联合组织专家、学者编写 本书编写得到了苏州市体育局领导的关心和支持,苏州市体育局对本书出版进行了资助 |
| ISBN 978-7-81137-177-2:CNY16.00 |
| 本书共分为健身运动的科学基础、健身运动的类型与方法、常见慢性疾病患者的健身运动方法等三部分内容。 |
| ● |
| 相关链接 |
|
|
|
|
正题名:科学健身运动指南
索取号:G831.3/110
 
预约/预借
| 序号 | 登录号 | 条形码 | 馆藏地/架位号 | 状态 | 备注 |
| 1 | 0532226 | 205322266 | 第一样本阅览室/ [索取号:G831.3/110] | 在馆 | |
| 2 | 0532227 | 205322275 | 密集书库-体育系/ [索取号:G831.3/110] | 在馆 | |
| 3 | 0532228 | 205322284 | 第四借阅区/ [索取号:G831.3/110] | 在馆 | |
| 4 | 0532229 | 205322293 | 第四借阅区/ [索取号:G831.3/110] | 在馆 | |
| 5 | 0532230 | 205322300 | 第四借阅区/ [索取号:G831.3/110] | 在馆 |